| 000 | 01273naa a22003377a 4500 | ||
|---|---|---|---|
| 001 | BR8105812 | ||
| 003 | BR-BrBNA | ||
| 005 | 20240918174900.0 | ||
| 007 | ta | ||
| 008 | 230509b bl.||||| |||| 00| 0 por d | ||
| 040 |
_aBR-BrBNA _bpor _cBiblioteca Nacional de Agricultura |
||
| 041 | _a(Pt) | ||
| 072 |
_aH60 _b2120 |
||
| 090 | _aH60 BR8105812 | ||
| 100 | 1 | _aJabor, J.F. | |
| 100 | 1 | _aCarvalho, F. | |
| 111 | 1 |
_a9. Congresso Brasileiro de Pesquisas Cafeeiras _cSao Lourenco, MG (Brazil) _d27 Oct 1981 |
|
| 245 | 1 | _aControle do sape (Imperata brasilienses Trim.)capim coloniao (Panicum maximum Jacq)e capim gordura (Melinis minutiflora Beauve), atraves do herbicida Poast (BAS 9052 OH) | |
| 260 | 3 |
_aRio de Janeiro, RJ (Brasil): _c1981. |
|
| 500 | _aResumos do 9. Congresso Brasileiro de Pesquisas Cafeeiras Rio de Janeiro, RJ (Brasil): 1981. p. 310-313 (BR8105812-AM)H60 | ||
| 650 | _aERVA DANINHA | ||
| 650 | _aCAFE | ||
| 650 | _aHERBICIDA | ||
| 650 | _aCONTROLE QUIMICO | ||
| 650 | _aSAPE | ||
| 650 | _aCAPIM COLONIAO | ||
| 650 | _aCAPIM GORDURA | ||
| 773 | 0 |
_tResumos do 9. Congresso Brasileiro de Pesquisas Cafeeiras _wH60 BR8105812 _gRio de Janeiro, RJ (Brasil), 1981. p. 310-313 |
|
| 909 |
_a202404 _bLucia _c55 _dLucia Elande |
||
| 942 |
_cAM _2AGRIS |
||
| 999 |
_c314192 _d314192 |
||